| 000 | 00540cam2a220013300 4500 | ||
|---|---|---|---|
| 005 | 20190819095710.0 | ||
| 008 | 000919 | ||
| 035 | _a(Sirsi) a143153 | ||
| 050 | 0 | _aZAMB RG137.2 AGH 1999 | |
| 100 | 1 |
_aAgha, Sohail _6A113432.1 |
|
| 245 | 1 | 0 |
_aConsumer intentions to use the female condom after one year of mass-marketing (Lusaka,)Zambia _cSohail Agha. |
| 260 |
_aWashington D.C. : _bPopulation Services International, _c1999 |
||
| 650 | 0 |
_aContraceptives,vaginal -- Zambia _zContraceptives,vaginal -- Zambia _6S84969.1 |
|
| 999 |
_c99677 _d99677 |
||